Logos en Rouge 🔴 & Blanc ⚪️ #2 - Statistiques

Statistiques générales
  • Ce quiz a Ă©tĂ© pris 3 628 fois
  • Le rĂ©sultat moyen est 9 sur 12
Statistiques - réponses
Par images Réponse % Correct
Levi's
99%
Tesla
97%
Youtube
97%
Pinterest
95%
Nintendo
93%
The North Face
85%
Quick
80%
New Balance
78%
Emirates
67%
H&M
48%
Netflix
37%
ESPN
27%
Aucun quiz correspondant
Distribution des résultats
% des personnes avec chaque résultat
Percentile par nombre de réponses
Votre historique - résultats
Vous n’avez pas pris ce quiz